banner koha

Bases para leitura de mapas de solos [Reconhecimento do solo; Horizonte; Classificacao do solo] (Registro n. 273862)

MARC details
000 -LÍDER
campo de controle de tamanho fixo 01143nac a22003137a 4500
001 - NÚMERO DE CONTROLE
campo de controle BR8201094
003 - IDENTIFICADOR DO NÚMERO DE CONTROLE
campo de controle BR-BrBNA
005 - DATA E HORÁRIO DA ÚLTIMA TRANSAÇÃO
campo de controle 20240105115239.0
008 - CAMPO DE DADOS FIXOS--INFORMAÇÃO GERAL
campo de controle de tamanho fixo 230509b bl.|||m| |||| 00| 0 por d
040 ## - FONTE DA CATALOGAÇÃO
Instituição da catalogação original BR-BrBNA
Idioma da catalogação por
Instituição que transcreveu o registro Biblioteca Nacional de Agricultura
072 ## - CÓDIGO DE CATEGORIA DE ASSUNTO
Código de Categoria de Assunto F24; F23
090 ## - NÚMERO DE CHAMADA LOCAL
Número de chamada F24 BR8201094
100 1# - ENTRADA PRINCIPAL--NOME PESSOAL
Nome pessoal Larach, J.O.I.
110 1# - ENTRADA PRINCIPAL--NOME CORPORATIVO
Nome corporativo ou nome da jurisdição Servico Nacional de Levantamento e Conservacao de Solos, Rio de Janeiro, RJ (Brasil)
9 (RLIN) 9379
245 1# - TÍTULO
Título Bases para leitura de mapas de solos [Reconhecimento do solo; Horizonte; Classificacao do solo]
246 1# - FORMA VARIANTE DO TÍTULO
Título/título abreviado [Guidelines for reading soil maps [Soil recognition; Horizon; Soil classification]]
260 3# - PUBLICAÇÃO, DISTRIBUIÇÃO, ETC.
Local de publicação, distribuição, etc. Rio de Janeiro, RJ (Brasil):
Data da publicação, distribuição, etc. 1981.
300 ## - DESCRIÇÃO FÍSICA
Extensão 91 p.
490 ## - TÍTULO DA SÉRIE
Título da série Serie Miscelanea - Servico Nacional de Levantamento e Conservacao de Solos (Brazil)
Número do volume ou designação sequencial da série no. 4
ISSN - International Standard Serial Number
500 ## - NOTA GERAL
Nota geral 10 Maps (Scale 1:10,000); 44 ref.
650 ## - ASSUNTO--TERMO TÓPICO
Cabeçalho tópico ou nome geográfico Reconhecimento do solo
650 ## - ASSUNTO--TERMO TÓPICO
Cabeçalho tópico ou nome geográfico Classificacao do solo
650 ## - ASSUNTO--TERMO TÓPICO
Cabeçalho tópico ou nome geográfico Solo
650 ## - ASSUNTO--TERMO TÓPICO
Cabeçalho tópico ou nome geográfico Mapa
650 ## - ASSUNTO--TERMO TÓPICO
Cabeçalho tópico ou nome geográfico Horizonte
650 ## - ASSUNTO--TERMO TÓPICO
Cabeçalho tópico ou nome geográfico Perfil do solo
909 ## -
-- 202312
-- Lúcia Elande
-- 55
-- Lúcia Elande
942 ## - ELEMENTOS DE ENTRADA ADICIONADOS (KOHA)
Fonte da classificação ou esquema de arquivamento na estante Classificação AGRIS
Ocultar no OPAC Não
Tipo de material Koha Monografia Seriada
Exemplares
Situação do descarte Fonte da classificação ou esquema de arquivamento na estante Situação física Não pode ser emprestado Coleção Biblioteca de origem Biblioteca atual Localização na estante Total de empréstimos Número de telefone completo Código de barras Data de último acesso Tipo de material Koha Fonte de aquisição
  Classificação AGRIS       Biblioteca Nacional de Agricultura - Binagri Biblioteca Nacional de Agricultura - Binagri Agrobase - Acervo Geral   F24 BR8201094 F24 BR8201094 18/12/2023 Monografia Seriada Portaria Interministerial nº 164/94

BINAGRI

Telefone: (61)3218-2567/2388/3357/2097 - binagri@agro.gov.br

Ministério da Agricultura e Pecuária , Esplanada dos Ministérios, Bloco D, Anexo B, Brasília/DF, CEP: 70.043-900